00286pam a2200109a 44500008004100000020002400041082001600065100001500081245004000096260003000136300001000166230405s2008 xxu||||| |||| 00| 0 eng d a8123913753cRs. 250 a610.73bDEV aDevi, E.S. aManipal Manual of Nursing Education aNew DelhibCBS Pub.c2008 a415 p